<?xml version="1.0" encoding="UTF-8"?>
<record
    xmlns:xsi="http://www.w3.org/2001/XMLSchema-instance"
    xsi:schemaLocation="http://www.loc.gov/MARC21/slim http://www.loc.gov/standards/marcxml/schema/MARC21slim.xsd"
    xmlns="http://www.loc.gov/MARC21/slim">

  <leader>01969nab a2200301 ab4500</leader>
  <controlfield tag="005">20260625095919.0</controlfield>
  <controlfield tag="008">260624c2026    cr|fr|p|o|||| 00| 0 spa d</controlfield>
  <datafield tag="040" ind1=" " ind2=" ">
    <subfield code="a">MX-MxUPN</subfield>
    <subfield code="b">spa</subfield>
    <subfield code="c">MX-MxUPN</subfield>
    <subfield code="e">aacr2</subfield>
  </datafield>
  <datafield tag="100" ind1="1" ind2=" ">
    <subfield code="a">Arag&#xF3;n-Vargas, Luis Fernando </subfield>
    <subfield code="9">60111</subfield>
  </datafield>
  <datafield tag="100" ind1="1" ind2=" ">
    <subfield code="a">Tapia Balladares, Javier </subfield>
    <subfield code="9">60112</subfield>
  </datafield>
  <datafield tag="100" ind1="1" ind2=" ">
    <subfield code="a">Tenorio Mora, Carlos </subfield>
    <subfield code="9">60113</subfield>
  </datafield>
  <datafield tag="100" ind1="1" ind2=" ">
    <subfield code="a">Portuguez Molina, Priscilla </subfield>
    <subfield code="9">60114</subfield>
  </datafield>
  <datafield tag="100" ind1="1" ind2=" ">
    <subfield code="a">Brizuela Rodr&#xED;guez, Armel </subfield>
    <subfield code="9">60115</subfield>
  </datafield>
  <datafield tag="245" ind1="1" ind2=" ">
    <subfield code="a">Posturas y cambios sobre ciencia y religi&#xF3;n en estudiantes de humanidades</subfield>
    <subfield code="h">[recurso electr&#xF3;nico en l&#xED;nea]</subfield>
  </datafield>
  <datafield tag="506" ind1="0" ind2=" ">
    <subfield code="a">Acceso abierto</subfield>
  </datafield>
  <datafield tag="520" ind1="3" ind2=" ">
    <subfield code="a">Objetivo. Analizar la influencia de las creencias religiosas en sus vidas y c&#xF3;mo estas cambian en el primer a&#xF1;o de estudios universitarios. M&#xE9;todo. Se encuestaron 364 estudiantes de primer ingreso de la Universidad de Costa Rica con el prop&#xF3;sito de analizar la influencia de las creencias religiosas en sus vidas y c&#xF3;mo estas cambian en el primer a&#xF1;o de estudios. Se examinaron aspectos &#xE9;ticos, as&#xED; como la integridad o coherencia en las creencias de esta poblaci&#xF3;n. Resultados. Se observ&#xF3; que este grupo le da m&#xE1;s importancia a la religi&#xF3;n (espiritualidad) que lo esperado; se verific&#xF3; una tendencia a la espiritualidad sin religi&#xF3;n. Los datos sugieren que el grupo no aument&#xF3; su claridad &#xE9;tica; m&#xE1;s bien se confundi&#xF3; o volvi&#xF3; m&#xE1;s pragm&#xE1;tico. Se evidenci&#xF3; un grado importante de fragmentaci&#xF3;n: falta de coherencia entre las creencias religiosas y las opiniones o pr&#xE1;cticas en su vida cotidiana</subfield>
  </datafield>
  <datafield tag="650" ind1=" " ind2="2">
    <subfield code="a">Religiosidad</subfield>
    <subfield code="9">20569</subfield>
  </datafield>
  <datafield tag="650" ind1=" " ind2="4">
    <subfield code="a">&#xC9;tica</subfield>
    <subfield code="9">12720</subfield>
  </datafield>
  <datafield tag="650" ind1=" " ind2="2">
    <subfield code="a">Espiritualidad</subfield>
    <subfield code="9">7223</subfield>
  </datafield>
  <datafield tag="650" ind1=" " ind2="4">
    <subfield code="a">Ciencia</subfield>
    <subfield code="9">7469</subfield>
  </datafield>
  <datafield tag="650" ind1=" " ind2="4">
    <subfield code="a">Juventud</subfield>
    <subfield code="9">14365</subfield>
  </datafield>
  <datafield tag="653" ind1=" " ind2=" ">
    <subfield code="a">Integridad</subfield>
  </datafield>
  <datafield tag="653" ind1=" " ind2=" ">
    <subfield code="a">Fe</subfield>
  </datafield>
  <datafield tag="773" ind1=" " ind2=" ">
    <subfield code="g">Vol. 40, no. 140 (2026), p. 78-99</subfield>
    <subfield code="t">Actualidades en psicolog&#xED;a</subfield>
    <subfield code="x">2215-3535</subfield>
  </datafield>
  <datafield tag="856" ind1="4" ind2=" ">
    <subfield code="u">https://revistas.ucr.ac.cr/index.php/ap/article/view/7081/9667</subfield>
  </datafield>
  <datafield tag="902" ind1=" " ind2=" ">
    <subfield code="a">Gloria Jim&#xE9;nez/240626</subfield>
  </datafield>
  <datafield tag="942" ind1=" " ind2=" ">
    <subfield code="c">ART-E</subfield>
  </datafield>
  <datafield tag="952" ind1=" " ind2=" ">
    <subfield code="0">0</subfield>
    <subfield code="1">0</subfield>
    <subfield code="4">0</subfield>
    <subfield code="7">0</subfield>
    <subfield code="8">CAA</subfield>
    <subfield code="a">BCUPN50</subfield>
    <subfield code="b">BCUPN50</subfield>
    <subfield code="c">ENL</subfield>
    <subfield code="d">2026-06-24</subfield>
    <subfield code="l">0</subfield>
    <subfield code="r">2026-06-24 15:54:39</subfield>
    <subfield code="u">https://revistas.ucr.ac.cr/index.php/ap/article/view/7081/9667</subfield>
    <subfield code="w">2026-06-24</subfield>
    <subfield code="y">ART-E</subfield>
  </datafield>
  <datafield tag="999" ind1=" " ind2=" ">
    <subfield code="c">215450</subfield>
    <subfield code="d">215450</subfield>
  </datafield>
</record>
